00333nam a2200097Ia 4500008004100000041000800041100003100049245009100080260004500171999001900216241105s9999 xx 000 0 und d aeng aDeshmukh Vaishnavi9184213 aLandscape Policies And Design Approch For Chatri Lake At Amaravati, Maharashtra, India bBNCA M Arch Landscape Architecturec2022 c362056d362056